000 00362nam a22001577a 4500
003 OSt
005 20211217092302.0
008 211217b |||||||| |||| 00| 0 eng d
020 _a9788120349469
040 _cHU
100 _aR.PANNEERSELVAM
_923230
245 _aRESEARCH METHODOLOGY
260 _aDELHI
_bHALL
_c2014
300 _a699
942 _2ddc
_cBOOKS
_n0
999 _c22724
_d22724